The Age of Imperial Kanauj (Record no. 23054)

MARC details
000 -LEADER
fixed length control field 00309nam a22001337a 4500
020 ## - INTERNATIONAL STANDARD BOOK NUMBER
ISBN 9788172764319
082 ## - DEWEY DECIMAL CLASSIFICATION NUMBER
Classification number 954 MAJ V1
100 ## - MAIN ENTRY--AUTHOR NAME
Author name Majumdar, R.C.
245 ## - TITLE STATEMENT
Title The Age of Imperial Kanauj
260 ## - PUBLICATION, DISTRIBUTION, ETC. (IMPRINT)
Place of publication Mumbai
Name of publisher Bharatiya Vidya Bhavan
Year of publication 1955
300 ## - PHYSICAL DESCRIPTION
Number of Pages 585
650 ## - SUBJECT ADDED ENTRY--TOPICAL TERM
Topical Term History-Indian
942 ## - ADDED ENTRY ELEMENTS (KOHA)
Koha item type Books
Holdings
Collection code Home library Current library Shelving location Date acquired Source of acquisition Cost, normal purchase price Full call number Accession Number Koha item type
Non-fiction Henry Martyn Institute Library Henry Martyn Institute Library Reference 09/15/2020 Dasgupta Publishers, Kolkata 500.00 954 MAJ REF 25743 Books
                   Copyright © 2026 | Henry Martyn Institute | Hyderabad | TS-500052 | INDIA | Implemented by hmi.edu.in
Hit-Count:

Powered by Koha